00501nam a22001577a 450000500170000001000150001702000260003203500140005803700090007208200150008110000140009624500590011026000390016927000960020830000390030420220316161956.0 aENG-132005 a9789386695222c995.00 aEN-115537 bDBAD a346.540166 aRaj, Kavi aMarital Disharmony and Divorce Law in India/cKavi Raj aNew DelhibAryan Publicationc2020 bNew Delhia110, Gali No. 4, Harphool Vihar, Barpraulae110043maryanpublication12@gmail.com avi, 310p.bBibliographyc23cm(pbk)